=LDR 00000nam 2200000 4500 =001 INLIS000000000004094 =005 20250625021648 =035 ##$$a 0010-0625000299 =007 ta =008 250625################f##########0#ind## =082 ##$$a 304.669 598 =084 ##$$a 304.669 598 YKK m =245 1#$$a Memantapkan Peranan Hukum Dalam Menjamin Keberhasilan Pembangunan Program KB Mandiri di Indonesia : $b Laporan Temukarya Sehari Tentang Peranan Hukum Khususnya Hukum Kesehatan Dalam KB Mandiri /$c YKKBS =260 ##$$a Jakarta :$b YKKBS,$c 1987 =300 ##$$a 114 hlm. =650 #4$$a Program KB Mandiri =650 #4$$a Peranan Hukum =110 2#$$a YKKBS =651 #4$$a Indonesia =710 2#$$a PERHUKI =710 2#$$a BKKBN =856 ##$$a Perpustakaan Kemendukbangga